European Integration and Terms of Trade (Registro nro. 26447)

Detalles MARC
000 -LEADER
fixed length control field 00328 a2200109 4500
001 - CONTROL NUMBER
control field ART_12552
005 - DATE AND TIME OF LATEST TRANSACTION
control field 20260410161907.0
008 - FIXED-LENGTH DATA ELEMENTS--GENERAL INFORMATION
fixed length control field 260409a
100 1# - MAIN ENTRY--PERSONAL NAME
Personal name Petith, Howard C.
245 10 - TITLE STATEMENT
Title European Integration and Terms of Trade
773 0# - HOST ITEM ENTRY
Title The Economic Journal
Related parts - Vol. 87, Nº 346 (jun. 1977)
Record control number REV12512

No hay ítems disponibles.